Νεοσύστατο ελληνικό κράτος 1833-1848 : οικονομικές, κοινωνικές και πολιτισμικές συνιστώσες της εκπαιδευτικής πραγματηκότητας
Αποθηκεύτηκε σε:
| Κύριος συγγραφέας: | |
|---|---|
| Μορφή: | Βιβλίο |
| Γλώσσα: | Greek |
| Δημοσίευση: |
Αθήνα :
Τυπωθήτω - Γ. Δαρδανός,
2001
|
| Θέματα: | |
| Ετικέτες: |
Προσθήκη ετικέτας
Δεν υπάρχουν, Καταχωρήστε ετικέτα πρώτοι!
|
MARC
| LEADER | 00000nam a2200000 i 4500 | ||
|---|---|---|---|
| 001 | 1/29062 | ||
| 008 | 021112s2001 gre d | ||
| 020 | |a 960-8041-99-6 (τ.1) | ||
| 035 | |l 10068730 | ||
| 040 | |a GR-MY-UA |b gre |e aacr | ||
| 041 | 0 | |a gre | |
| 082 | 0 | |a 938.6 | |
| 100 | 1 | |a Σακκής, Δημήτρης Α. | |
| 245 | 1 | 0 | |a Νεοσύστατο ελληνικό κράτος 1833-1848 : |b οικονομικές, κοινωνικές και πολιτισμικές συνιστώσες της εκπαιδευτικής πραγματηκότητας |
| 260 | |a Αθήνα : |b Τυπωθήτω - Γ. Δαρδανός, |c 2001 | ||
| 300 | |a τ.1 | ||
| 651 | 0 | |a Greece |x History |y 1821- | |
| 852 | |a INST |b RHODES |e 20021112 |h 938.6 ΣΑΚ |p 005400015966 |q 005400015966 |t BK |y 0 | ||
| 901 | |a BIBL4-2002-3 | ||
| 909 | |a Ρ |b 101558 | ||
| 922 | |a 4ΕΛΗ |b 200210 |c ΒΙΒΛΙΟΘΗΚΗ |d ΔΕΝΤΡΟ | ||
| 950 | |a 094-2002-10-05 | ||
| 970 | |a ΚΟΥΛΑΚΙΟΤΗ |b ΛΙΤΣΑ |z 2002/11/25 | ||